Fr. Conceicao Rodrigues College of Engineering

Manld shetra vikas kalachi karaj (Record no. 20114)

MARC details
000 -LEADER
fixed length control field 00320nam a2200133Ia 4500
100 ## - MAIN ENTRY--PERSONAL NAME
Personal name Sadashiv Ganekar
245 ## - TITLE STATEMENT
Title Manld shetra vikas kalachi karaj
260 ## - PUBLICATION, DISTRIBUTION, ETC.
Name of publisher, distributor, etc. viderb lok vikas munch
Place of publication, distribution, etc. Nagpur
300 ## - PHYSICAL DESCRIPTION
Extent 60
546 ## - LANGUAGE NOTE
Language note MARATHI
650 ## - SUBJECT ADDED ENTRY--TOPICAL TERM
Topical term or geographic name entry element General
654 ## - SUBJECT ADDED ENTRY--FACETED TOPICAL TERMS
Focus term Manld shetra vikas kalachi karaj
942 ## - ADDED ENTRY ELEMENTS (KOHA)
Koha item type BOOK
Holdings
Withdrawn status Lost status Damaged status Not for loan Collection Home library Current library Shelving location Date acquired Source of acquisition Cost, normal purchase price Inventory number Total Checkouts Full call number Barcode Date last seen Cost, replacement price Price effective from Koha item type
        AFT Fr. Agnel's C.Rodrigues College of Engineering Fr. Agnel's C.Rodrigues College of Engineering   17/03/2023 Ideal book company 30.00 64778/26/06/2002   AFT7657 17/03/2023 30.00   BOOK